| 000 | 01182cpcaa2200289 a 4500 | ||
|---|---|---|---|
| 001 | mm 97006352 | ||
| 003 | DLC | ||
| 005 | 20260227111726.0 | ||
| 008 | 970306|||||||||||| eng | ||
| 010 | _amm 97006352 | ||
| 040 |
_aDLC _cDLC _dDLC _edacs |
||
| 072 | 7 |
_aL _2lcmd |
|
| 100 | 1 |
_aTarkington, Booth, _d1869-1946. |
|
| 245 | 0 | 0 |
_aBooth Tarkington papers, _f1905. |
| 300 |
_a3 _fitems. |
||
| 506 | 0 | _aOpen to research. | |
| 520 | 8 | _aManuscript page from Tarkington's The Conquest of Canaan (1905); ALS (1905 June 27) from his wife, Louisa Fletcher Tarkington, regarding his published works; and a reproduction of James Montgomery Flagg's drawing of Tarkington signed by Tarkington (undated). | |
| 545 | 0 | _aAuthor. | |
| 546 | _aCollection material in English. | ||
| 580 | _aForms part of: Miscellaneous Manuscripts collection. | ||
| 600 | 1 | 0 |
_aFlagg, James Montgomery, _d1877-1960. |
| 600 | 1 | 0 |
_aTarkington, Louisa Fletcher _vCorrespondence. |
| 650 | 0 | _aAmerican literature. | |
| 656 | 7 |
_aAuthors. _2itoamc |
|
| 999 |
_c44407 _d44407 |
||